<?xml version="1.0" encoding="UTF-8"?>
<record
    xmlns:xsi="http://www.w3.org/2001/XMLSchema-instance"
    xsi:schemaLocation="http://www.loc.gov/MARC21/slim http://www.loc.gov/standards/marcxml/schema/MARC21slim.xsd"
    xmlns="http://www.loc.gov/MARC21/slim">

  <leader>02026nam a22003617a 4500</leader>
  <controlfield tag="003">AR-RoUNA</controlfield>
  <controlfield tag="005">20251022124257.0</controlfield>
  <controlfield tag="008">251022b        |||||||| |||| 00| 0 spa d</controlfield>
  <datafield tag="020" ind1=" " ind2=" ">
    <subfield code="a">950-9840-43-2</subfield>
  </datafield>
  <datafield tag="040" ind1=" " ind2=" ">
    <subfield code="a">AR-RoUNA</subfield>
    <subfield code="b">spa</subfield>
    <subfield code="d">AR-RoUNA</subfield>
  </datafield>
  <datafield tag="041" ind1=" " ind2=" ">
    <subfield code="a">spa</subfield>
  </datafield>
  <datafield tag="044" ind1=" " ind2=" ">
    <subfield code="a">ag</subfield>
  </datafield>
  <datafield tag="110" ind1="2" ind2=" ">
    <subfield code="a">Universidal Nacional del Litoral.</subfield>
    <subfield code="b">Facultad de Arquitectura  y Urbanismo</subfield>
    <subfield code="9">27515</subfield>
  </datafield>
  <datafield tag="245" ind1="1" ind2="0">
    <subfield code="a">Inventario</subfield>
    <subfield code="b">: 200 obras del patrimonio arquitect&#xF3;nico de Santa Fe.</subfield>
    <subfield code="c">direcci&#xF3;n acad&#xE9;mica Carlos Mar&#xED;a Reinante; compilaci&#xF3;n Miriam Bessone; Silvia Bournissent y Adriana Collado; revisi&#xF3;n y correcci&#xF3;n de planimetrias Claudia Montoro; fotograf&#xED;as Guillermo Borghini y dise&#xF1;o de tapa y car&#xE1;tulas Hermes Golinsky.</subfield>
  </datafield>
  <datafield tag="260" ind1=" " ind2=" ">
    <subfield code="a">Santa Fe (Argentina):</subfield>
    <subfield code="b">Universidad Nacional del Litoral, Centro de Publicaciones,</subfield>
    <subfield code="c">1993.</subfield>
  </datafield>
  <datafield tag="300" ind1=" " ind2=" ">
    <subfield code="a">430p. :</subfield>
    <subfield code="b">fot. byn.</subfield>
    <subfield code="b">plantas</subfield>
    <subfield code="c">25x23 cm.</subfield>
  </datafield>
  <datafield tag="520" ind1="3" ind2=" ">
    <subfield code="a">Fichaje de obras desde 1660 hasta 1960, realizados por alumnos de la C&#xE1;tedra de Historia III. El Inventario del Patrimonio Arquitect&#xF3;nico Santafesino trasciende los planos del documento hist&#xF3;rico que refleja los momentos principales de la construcci&#xF3;n de una ciudad. Como registro fe una &#xE9;poca, que abarca desde la ubicaci&#xF3;n definitiva de la ciudad en su actual emplazamiento, hasta 1960, el libro documenta los hechos f&#xED;sicos y su relaci&#xF3;n con las situaciones cruciales que configuraron, desde lo pol&#xED;tico y social, la imagen de Santa Fe. </subfield>
  </datafield>
  <datafield tag="650" ind1=" " ind2="4">
    <subfield code="a">Historia</subfield>
  </datafield>
  <datafield tag="650" ind1=" " ind2="4">
    <subfield code="a">Arquitectura</subfield>
  </datafield>
  <datafield tag="650" ind1=" " ind2="4">
    <subfield code="a">Inventario urbano</subfield>
  </datafield>
  <datafield tag="651" ind1=" " ind2="4">
    <subfield code="a">Santa Fe (Argentina)</subfield>
    <subfield code="9">62</subfield>
  </datafield>
  <datafield tag="700" ind1="1" ind2=" ">
    <subfield code="a">Reinante, Carlos Mar&#xED;a  </subfield>
    <subfield code="9">27517</subfield>
    <subfield code="e">drt</subfield>
  </datafield>
  <datafield tag="700" ind1=" " ind2=" ">
    <subfield code="9">18504</subfield>
    <subfield code="a">Collado, Adriana.</subfield>
    <subfield code="e">com</subfield>
  </datafield>
  <datafield tag="700" ind1="1" ind2=" ">
    <subfield code="a">Bessone, Miriam. </subfield>
    <subfield code="9">27518</subfield>
    <subfield code="e">com</subfield>
  </datafield>
  <datafield tag="700" ind1="1" ind2=" ">
    <subfield code="a">Bournissent, Silvia.   </subfield>
    <subfield code="9">27519</subfield>
    <subfield code="e">com</subfield>
  </datafield>
  <datafield tag="700" ind1="1" ind2=" ">
    <subfield code="a">Montoro, Claudia. </subfield>
    <subfield code="9">27520</subfield>
    <subfield code="e">revisi&#xF3;n</subfield>
  </datafield>
  <datafield tag="700" ind1="1" ind2=" ">
    <subfield code="a">  Borghini, Guillermo.  </subfield>
    <subfield code="9">27521</subfield>
  </datafield>
  <datafield tag="700" ind1="1" ind2=" ">
    <subfield code="a"> Golinsky, Hermes.</subfield>
    <subfield code="9">27522</subfield>
  </datafield>
  <datafield tag="908" ind1=" " ind2=" ">
    <subfield code="a">Imp</subfield>
  </datafield>
  <datafield tag="942" ind1=" " ind2=" ">
    <subfield code="2">udc</subfield>
    <subfield code="c">LIB</subfield>
  </datafield>
  <datafield tag="945" ind1=" " ind2=" ">
    <subfield code="d">2025-10-22</subfield>
  </datafield>
  <datafield tag="980" ind1=" " ind2=" ">
    <subfield code="6">5</subfield>
    <subfield code="a">Mar&#xED;a Machado</subfield>
    <subfield code="8">5</subfield>
    <subfield code="g">Mar&#xED;a Machado</subfield>
  </datafield>
  <datafield tag="999" ind1=" " ind2=" ">
    <subfield code="c">12187</subfield>
    <subfield code="d">12187</subfield>
  </datafield>
  <datafield tag="952" ind1=" " ind2=" ">
    <subfield code="0">0</subfield>
    <subfield code="1">0</subfield>
    <subfield code="2">udc</subfield>
    <subfield code="4">0</subfield>
    <subfield code="7">0</subfield>
    <subfield code="a">CURDIUR</subfield>
    <subfield code="b">CURDIUR</subfield>
    <subfield code="d">2025-10-22</subfield>
    <subfield code="l">0</subfield>
    <subfield code="p">LCUR-0338</subfield>
    <subfield code="t">ej. 1</subfield>
    <subfield code="y">LIB</subfield>
    <subfield code="x"></subfield>
  </datafield>
</record>
